| 000 | 01154nam a22002777a 4500 | ||
|---|---|---|---|
| 999 |
_c111416 _d111416 |
||
| 003 | dpl | ||
| 005 | 20190117113044.0 | ||
| 008 | 190117b ||||| |||| 00| 0 eng d | ||
| 010 | _aB-047604 | ||
| 020 |
_c100.00 _a8185827931 |
||
| 035 | _aB-047604, B-047608 | ||
| 037 | _bCen Lib/Ret | ||
| 040 |
_aDPL _bHN _c0 |
||
| 082 |
_a821 _bमिश्रअ |
||
| 100 |
_aमिश्र अरुण _92125 |
||
| 245 |
_aअंजलि भर भाव के प्रसून / _cअरुण मिश्र |
||
| 246 |
_aAnjali bhar bhav ke prasoon / _bby Arun Mishra |
||
| 260 |
_aनयी दिल्ली _bप्रतिभा प्रतिष्ठान _c2001 |
||
| 270 |
_a१९८५दखनी राय स्ट्रीट , नेताजी सुभाष मार्ग _bनयी दिल्ली _e110002 |
||
| 300 |
_a91पृ. : _c19सेमी(सजिल्द) |
||
| 650 |
_aहिन्दी साहित्य _942698 |
||
| 650 |
_aकविताएं _942699 |
||
| 650 |
_aHindi literature _942700 |
||
| 650 |
_aPoetry _942701 |
||
| 942 |
_2ddc _cHN _h821 _mमिश्रअ |
||